000 00486nam a2200205Ia 4500
005 20240823020423.0
008 240823s9999||||xx |||||||||||||| ||und||
020 _a0-07-058807-4
041 _aENGLISH
082 _A004.678 P5
100 _aAsoke K Talukder
245 0 _aMobile Computing
250 _a1st
260 _c2005
_b"TMH,New "
_aNew Delhi
500 _aYES
650 _aComputing
_bComputer Science
700 _a Roopa R Yavagal
942 _cBK
999 _c174710
_d174710